|
|
|
|
| LEADER |
00790cam a2200229 7i4500 |
| 001 |
0000009584 |
| 005 |
20230110090000.0 |
| 008 |
100614 eng |
| 020 |
|
|
|a 9780471417996
|
| 020 |
|
|
|a 0471417998 (hbk.)
|
| 090 |
0 |
0 |
|a QD253.2
|b .S65 2004
|
| 100 |
1 |
|
|a Solomons, T. W. Graham
|
| 245 |
1 |
0 |
|a Organic chemistry
|c T. W. Graham Solomons, Craig B. Fryhle.
|
| 250 |
|
|
|a 8th ed.
|
| 260 |
|
|
|a Hoboken, NJ:
|b John Wiley& Sons,
|c 2004.
|
| 300 |
|
|
|a 1 v. (various paging):
|b col. ill.;
|c 27 cm..
|
| 500 |
|
|
|a Includes index
|
| 650 |
0 |
0 |
|a Chemistry, Organic
|
| 700 |
1 |
|
|a Fryhle, Craig B
|
| 997 |
|
|
|a Engineering & Life Sciences, Faculty
|b Science & Biotechnology, Department
|
| 998 |
|
|
|a Biotechnology, Degree
|
| 999 |
|
|
|a 0000016013
|b BOK
|c OPEN SHELF
|e 1st Floor, Bestari Jaya
|